| 000 | 00804nam a22002177a 4500 | ||
|---|---|---|---|
| 999 |
_c9233 _d9233 |
||
| 003 | AR-CdUCM | ||
| 008 | 190327b ||||| |||| 00| 0 spa d | ||
| 040 |
_aMUNICIPALIDAD PROVINCIAL DEL CUSCO _cBIBLIOTECA MUNICIPAL DEL CUSCO |
||
| 082 |
_a746.42 / _bM27 |
||
| 100 |
_aMandiri, Justo _925305 |
||
| 245 |
_aProducción artesanal de tejidos : _bTejido de las mujeres Izoceñas / |
||
| 260 |
_aBolivia : _bAPCOB, _c1985. |
||
| 300 |
_a100 paginas ; _bIlustraciones, _c21 cm. |
||
| 505 | _aContenido :Sobre el cultivo de algodón --Técnicas de hilado --Técnicas de teñido --El telar Izoceño --Técnicas de tejido --Diseño y motivos ... | ||
| 650 |
_aTejido _925306 |
||
| 650 |
_aTecnicas _9975 |
||
| 650 |
_aHilado _925307 |
||
| 650 |
_aMujer Izoceña _925308 |
||
| 942 |
_2ddc _cLIBROS |
||
| 945 | _arjall | ||